000 01590nam a2200217Ia 4500
003 OSt
005 20210413224640.0
008 210310s1966 mx gr 000 0 spa d
020 _a9681800737
040 _aCO-JMCR
_cCO-JMCR
041 0 _aspa
082 0 4 _a658.511 /
_bR457a
_223
100 1 _aReyes Ponce, Agustín,
_914715
_eautor
245 1 3 _aEl análisis de puestos /
_cAgustín Reyes Ponce
250 _aQuinta edición
260 _aMéxico :
_bEditorial Limusa,
_c1966
300 _b94 páginas ;
_c21 cm.
520 3 _aEl presente estudio sobre al Análisis de Puestos, fue formulado para la clase que sobre este tema tuvo a su cargo al autor en los cursos de verano del Instituto Tecnológico y de Estudios Superiores de Monterrey en 1952. A la primera edición que el mencionado Instituto hizo de dicho trabajo, siguieron, la realizada por la Universidad Nacional Autónoma de México en 1957, la que por segunda vez hizo el Tecnológico de Monterrey, y la cuarta, aparecida en 1962, en la que se añadió el aspecto relativo a los Análisis de Puestos para altos ejecutivos, que tienen características bastante diferentes a las que se formulan para personal de ejecución. Agotada hace tiempo la cuarta edición, la insistente solicitud de este estudio, no solo por parte de los alumnos de las carreras de Administración de Empresas y de Relaciones Industriales, sino también por técnicos en los trabajos de organización y de administración de personal, nos ha llevado a presentar esta quinta edición.
650 _aAnálisis del empleo
_914717
942 _2ddc
_cBK
999 _c7536
_d7536